000 00358nam a2200145 i 4500
001 bg
100 1 _aLIPKA, J.
245 0 _aLaboratorium dynamiki układów mechanicznych /
_cJ. Lipka, T. Majewski.
260 _aWarszawa,
_c1983.
700 1 _aMAJEWSKI, T.
040 _cBPK
041 _apol
942 _cKS
008 s pl f |000 0 pol
999 _c22078
_d22078
856 _uhttp://koha.tu.koszalin.pl/cgi-bin/koha/opac-detail.pl?biblionumber=22078
_yKatalog online BPK